Open Data Biblioteca Nacional de Portugal


República Portuguesa: Ministério da Cultura
Biblioteca Nacional de Portugal

Catálogo da BNP: acesso por Identificadores Unívocos
Registos Bibliográficos associados ao registo de autoridade

Etiqueta de registo: 00000nkm 2200025 450
001 2282504
003 http://id.bnportugal.gov.pt/bib/catbnp/2282504
100 ## $a20260321f19851995m y0pory01030103ba
101 0# $apor
102 ## $aPT
200 1# $aForpescas, Centro de Formação Profissional para o Sector das Pescas, Artes de pesca, redeiro$bVisual gráfico]$fForpescas, Escola Profissional de Pesca de Lisboa, Instituto do Emprego e Formação Profissional
210 #9 $aLisboa$cForpescas,$d[entre 1985 e 1995]
215 ## $a1 cartaz$ccolor.$d68,5x46 cm
306 ## $aDatação em conformidade com as características formais do documento
317 ## $aColeção Madeira Luís
710 02 $aForpescas$3129985
711 01 $aEscola Profissional de Pesca de Lisboa (EPPL)$31992932
711 01 $aPortugal.$bInstituto do Emprego e Formação Profissional$329156
801 #0 $aPT$bBN$gRPC
966 ## $lBN$mICONOG$sCT. 25720 A.$x3
971 ## $cCaticonografia6$d20260321
995 ## $aPRR2026

OpendataBNP@bnportugal.pt | Mais informação sobre acesso aos dados BNP